Ethnic groups in Pakistan - Statistics

General Stats
  • This quiz has been taken 48 times
    16 since last reset
  • The average score is 14 of 34
Answer Stats
Family Population Ethnicity % Correct
Indo-European (Iranic) 43.63 million Pashtun
100%
Indo-European (Indo-Aryan) 98.72 million Punjabi
100%
Indo-European (Iranic) 18.12 million Baloch
92%
Indo-European (Indo-Aryan) 34.25 million Sindhi
85%
Afroasiatic (Semitic) 7 k Arab
69%
Indo-European (Indo-Aryan) 3.33 million Kashmiri
69%
Indo-European (Iranic) 1.22 million Tajik
69%
Altaic (Turkic) 70 k Turk
69%
Altaic (Turkic) 60 k Turkmen
69%
Altaic (Turkic) 279 k Uzbek
69%
Indo-European (Indo-Aryan) 3.5 million Gujarati
62%
Indo-European (Iranic)Altaic (Turkic) 2 million Hazara
62%
Indo-European (Iranic) 4 k Kurd
54%
Altaic (Turkic) 5 k Uyghur
54%
Altaic (Turkic) 6 k Kyrgyz
46%
Indo-European (Indo-Aryan) 2 million Bengali
38%
Dravidian (Northern) 2.78 million Brahui
38%
Sino-Tibetan (Sinitic) 60 k Chinese
38%
Indo-European (Indo-Aryan) 28.84 million Saraiki
38%
Sino-Tibetan (Tibetic) 393 k Balti
23%
Indo-European (Iranic) 10 k Iranian
23%
Indo-European (Indo-Aryan) 22.35 million Muhajir
23%
Isolate 130 k Burusho
15%
Indo-European (Indo-Aryan) 800 k Chitrali
15%
Indo-European (Indo-Aryan) 150 k Nuristani
15%
Indo-European (Indo-Aryan) 7 million Pahari
15%
Indo-European (Indo-Aryan) 1.15 million Shina
15%
Indo-European (Indo-Aryan)Niger-Congo (Bantu) 250 k Siddi
15%
Indo-European (Iranic) 75 k Pamiri
8%
Indo-European (Indo-Aryan) 1.45 million Bhil
0%
Indo-European (Iranic) 19 k Dehwari
0%
Indo-European (Indo-Aryan) 1.99 million Gujjar
0%
Indo-European (Indo-Aryan) 300 k Kohistani
0%
Indo-European (Indo-Aryan) 1.1 million Meo
0%
No matching quizzes found
Score Distribution
Percent of People with Each Score
Percentile by Number Answered
Your Score History
You have not taken this quiz since the last reset